Music Quiz

Random Music or Artist Quiz

Musicians' Cameos Quiz Stats

 Plays Quiz Updated Dec 2, 2016

Support Sporcle.
Go Orange.
Score 0/20 Timer 05:00
3 Plays Today
% Correct
Eminem
95.3%
Bono
92.3%
Snoop Dogg
89.7%
David Bowie
87.8%
Britney Spears
86.2%
Alice Cooper
84.1%
James Brown
83.8%
Rihanna
79.5%
Lady Gaga
78.4%
Bruce Springsteen
73.9%
% Correct
Kanye West
73.1%
CeeLo Green
71.6%
Billy Idol
70.1%
Tom Jones
66%
Gene Simmons
65.6%
Sammy Davis Jr.
62%
Michael Bolton
58.6%
Kesha
49.7%
Frank Sinatra Jr.
12.2%
Laura Branigan
9.3%

You're not logged in!

Compare scores with friends on all Sporcle quizzes.
OR
Log In

From the Vault

Famous Littles

by triviahappy

Admittedly we were a little nervous playing this quiz.
Remove Ads.
Support Sporcle.
Get the best of Sporcle when you Go Orange. This ad-free experience offers more features, more stats, and more fun while also helping to support Sporcle. Thank you for becoming a member.

Show Comments

Extras

Top Quizzes Today


Score Distribution

Your Account Isn't Verified!

In order to create a playlist on Sporcle, you need to verify the email address you used during registration. Go to your Sporcle Settings to finish the process.

Report this User

Report this user for behavior that violates our Community Guidelines.

Details: